Central Library OPAC University of Rajshahi

Financial sector policy for developing countries : (Record no. 51910)

MARC details
000 -LEADER
fixed length control field 00959nam a2200265 a 4500
001 - CONTROL NUMBER
control field 51910
003 - CONTROL NUMBER IDENTIFIER
rucl marc code BD-RjUL
005 - DATE AND TIME OF LATEST TRANSACTION
control field 20211209075729.0
008 - FIXED-LENGTH DATA ELEMENTS--GENERAL INFORMATION
fixed length control field 160904s2002 dcua sb i000 0 eng
020 ## - INTERNATIONAL STANDARD BOOK NUMBER
Canceled/invalid ISBN 0821351761
035 ## - SYSTEM CONTROL NUMBER
System control number ( BD-RjUL) 52030
040 ## - CATALOGING SOURCE
Original cataloging agency BD-RjUL
Language of cataloging eng
Transcribing agency BD-RjUL
041 ## - LANGUAGE CODE
Language code of text/sound track or separate title eng
082 04 - DEWEY DECIMAL CLASSIFICATION NUMBER
Classification number 332.1091724
Edition number 23
Author mark and year FIN 2002
245 00 - TITLE STATEMENT
Title Financial sector policy for developing countries :
Remainder of title a reader /
Statement of responsibility, etc. edited by Gerard Caprio ; Patrick Honoha ; Dimitri Vittas.
260 ## - PUBLICATION, DISTRIBUTION, ETC. (IMPRINT)
Place of publication, distribution, etc. New York :
Name of publisher, distributor, etc. Oxford University Press,
Date of publication, distribution, etc. c2002.
300 ## - PHYSICAL DESCRIPTION
Pagination xviii, 250 p. :
Illustrations ill. ;
Size 23 cm.
504 ## - BIBLIOGRAPHY, ETC. NOTE
Bibliography, etc Includes bibliographical references.
650 #0 - SUBJECT ADDED ENTRY--TOPICAL TERM
Topical term or geographic name as entry element Finance
Geographic subdivision Developing countries.
9 (RLIN) 133984
Topical term or geographic name as entry element Banks and banking
Geographic subdivision Developing countries.
9 (RLIN) 155259
Topical term or geographic name as entry element International finance.
9 (RLIN) 155260
700 1# - ADDED ENTRY--PERSONAL NAME
Personal name edited by Gerard Caprio ; Patrick Honoha ; Dimitri Vittas.
942 ## - ADDED ENTRY ELEMENTS (KOHA)
Source of classification or shelving scheme Dewey Decimal Classification
Koha item type Books
Holdings
Lost status Source of classification or shelving scheme Damaged status Not for loan Collection code Permanent Location Current Location Shelving location Date acquired Source of acquisition Cost, normal purchase price Total Checkouts Full call number Date last seen Copy number Koha item type
  Dewey Decimal Classification     Non-fiction Central Library, University of Rajshahi Central Library, University of Rajshahi   29/05/2006 Paragon Enterprise ltd., Dhaka 25.00   332.1091724 FIN 2002 04/09/2016 C-2 Books
  Dewey Decimal Classification   Not For Loan Non-fiction Central Library, University of Rajshahi Central Library, University of Rajshahi Reading Room 29/05/2006 Paragon Enterprises Dhaka 25.00   332.1091724 FIN 2002 19/12/2016 C-1 Books